banner-ar

والنهر يلبس الاقنعة / (Record no. 54833)

MARC details
000 -الفاتح
حقل البيانات ثابتة الطول 00662nam a2200205Ia 4500
005 - وقت وتاريخ اخر تعامل مع التسجيلة
رقم الضبط 20240530105319.0
008 - عناصر البيانات ثابتة الطول - معلومات عامة
حقل البيانات ثابتة الطول 140319s9999 xx 000 0 ara d
040 ## - مصدر الفهرسة
وكالة الفهرسة الأصلية GCL /
وكالة النسخ GCL
082 04 - رقم تصنيف ديوى العشرى
رقم التصنيف 811.094
رقم المادة م ن
100 1# - المدخل الرئيسى - إسم شخصى
الإسم الشخصى محمد عفيفى مطر
245 10 - بيان العنوان
العنوان والنهر يلبس الاقنعة /
بيان المسئوليه,etc محمد عفيفى مطر
260 ## - PUBLICATION, DISTRIBUTION, ETC. (IMPRINT)
تاريخ النشر أو التوزيع 1994
300 ## - الوصف المادى
التعداد 149 ص؛
تفاصيل ماديه اخرى للوعاء 20سم
490 ## - بيان السلسلة
عنوان السلسلة ديوان الملتقى
رقم المجلد/ التعيين التسلسلي 0
650 04 - المدخل الاضافى بالموضوع-مصطلح موضوعى
مصطلح موضوعي الشعر العربى
650 04 - المدخل الاضافى بالموضوع-مصطلح موضوعى
مصطلح موضوعي العصر الحديث
650 04 - المدخل الاضافى بالموضوع-مصطلح موضوعى
مصطلح موضوعي الشعر الحر
942 ## - عناصر المدخل الإضافي( كوها)
مصدر التصنيف او مخطط الترفيف Dewey Decimal Classification
Koha [default] item type كتاب
260 ## - PUBLICATION, DISTRIBUTION, ETC. (IMPRINT)
-- [القاهرة] :
-- الملتقى للانتاج الفنى والثقافى ،
Holdings
حالة التراجع حالة الفقد حالة تلف ليس للاعارة المكان المؤقت الموقع الحالى تاريخ الاكتساب اجمالي اﻻعارات رقم الطلب الباركود تاريخ اخر مشاهدة تاريخ تفعيل السعر نوع وعاء كوها مصدر التصنيف او خطة الترفيف موقع الترفيف
        مكتبة القاهرة الكبرى مكتبة القاهرة الكبرى 03/26/2014   811.094\م ن 131825 03/26/2014 03/26/2014 كتاب    
        مكتبة القاهرة الكبرى مكتبة القاهرة الكبرى 08/03/2022   811.094\م ن 168149 08/03/2022 08/03/2022 كتاب ddc ق الرئيسية_الأداب_ك عربى
        مكتبة القاهرة الكبرى مكتبة القاهرة الكبرى 08/13/2022   811.094\م ن 168215 08/13/2022 08/13/2022 كتاب ddc  
        مكتبة القاهرة الكبرى مكتبة القاهرة الكبرى 08/13/2022   811.094\م ن 168216 08/13/2022 08/13/2022 كتاب ddc  
        مكتبة القاهرة الكبرى مكتبة القاهرة الكبرى 11/27/2022   811.094\ م ن 168899 11/27/2022 11/27/2022 كتاب ddc  

Powered By

EGPV